| 000 | 00505nam a2200181Ia 4500 | ||
|---|---|---|---|
| 003 | OSt | ||
| 005 | 20260312151655.0 | ||
| 008 | 250729s1995 xx 000 0 und d | ||
| 040 | _cAL | ||
| 041 | _aeng | ||
| 082 | _a372.8 CENE | ||
| 100 |
_aCenter for Enviournment Education _9230101 |
||
| 245 | _aEnviournment and development traditions , concerus and efforts | ||
| 260 |
_aAhamadabad _bCenter for Enviournment Education _c1995 |
||
| 300 | _a50p | ||
| 650 |
_aEducation _9230102 |
||
| 942 |
_2ddc _cBED |
||
| 999 |
_c238613 _d238613 |
||